1855 1547 1537 1115 1262 1898 1502 1141 1392 1398 1552 1821 1583 1563 1822 1375 1047 1864 1598 1099 1476 1624 1975 1192 1718 1162 1904 1718 1310 1673 1170 1809 1969 1803 1651 1426 1899 1104 1816 1239 1888 1802 1386 1277 1801 1828 1998 1188 1308 1532 1893 1085 1008 1665 1487 1356 1306 1165 1678 1388 1391 1449 1852 1355 1629 1118 1845 1314 1393 1677 1883 1254 1191 1882 1861 1347 1484 1641 1435 1495 1883 1587 1817 1582 1879 1090 1292 1951 1763 1352 1100 1876 1497 1922 1513 1997 1030 1124 1483 BCNSPRNW ULIB Ver.6.0+V

เปลี่ยนเป็นภาษาไทย

Change to English
 แสดงรายละเอียดบรรณานุกรม
  กลับหน้าหลัก

Brief Record : Get Marc (ISO 2709) : E-mail record : QR code < ปิดหน้าต่าง
LEADER : 00000nam 2200000uu 4500
001    13399111776
003     ULIB
008    110627s2551||||th 000 0 tha d
020    9789749753910
090    นว.^bL111ซ 2551
100 0  Lucky Lady_Aon
245 00 ซุปเปอร์บอยสุดเฮี้ยว VS ยัยเซี้ยวสุดแสบ/^cLucky Lady_Aon
250    พิมพ์ครั้งที่ 1
260    กรุงเทพฯ :^bSugar rian,^c2551
300    191 หน้า
945    ^p149^l0^i024469
995    ทศพร
999 ^a ใช้งานได้ทุกระบบ
รายการนี้ยังไม่มีแท็ก
คุณยังไม่ได้ล็อกอิน คุณสามารถมีกิจกรรมร่วมกับเว็บไซต์ได้ แต่ต้องล็อกอินก่อน ::
  ล็อกอิน

รายการสื่อสารสนเทศ

ลำดับที่ ประเภท เลขเรียก/บาร์โค้ด สถานที่ สถานะ
1. นวนิยาย
นวนิยาย
นว. L111ซ 2551 ฉ.1 
  Barcode: 024469
ห้องสมุดวิทยาเขตสวรรค์ประชารักษ์
►นวนิยาย
บนชั้น
  ขอยืม

BibComment


ยังไม่เคยถูกคอมเมนท์

คอมเมนท์ทรัพยากรรายการนี้
  คอมเมนท์: ซุปเปอร์บอยสุดเฮี..


 Copyright 2026. Bcnsprnw @Library